00550nam a2200169 a 450000500170000000800410001702000180005805000270007610000200010324501240012326000360024730000210028352100090030465000290031370000220034270000160036420140310183455.0091116s19uu xx 00 eng d a9780071615495 aHD 9710.J34b.T69 2009 aIyer, Ananth V. aToyota supply chain management :ba strategic approach to the principles of Toyota's renowned system /cAnanth V. Iyer. aNew York :bMcGraw Hill,c2009. a226 p. :c25 cm. aBSBA aSupply Chain Management. aSeshadri, Shidhar aVasher, Roy